| 000 | 00417 a2200169 4500 | ||
|---|---|---|---|
| 001 | 74362 | ||
| 020 | _a8586796-42-5 | ||
| 040 | _cAnchieta - Colégio São Paulo | ||
| 100 | _aVanzant, Iyanla | ||
| 240 | 1 | 0 |
_aUm dia minha alma se abriu por inteiro _lpor |
| 245 | 1 | 0 | _aUm dia minha alma se abriu por inteiro |
| 300 | _a301 | ||
| 362 | 0 | _a2000 | |
| 440 | 1 | _aSextante | |
| 650 | 4 | _aPsicologia aplicada | |
| 942 | _cBK | ||
| 999 |
_c74362 _d74362 |
||